000 00548nam a2200217Ia 4500
003 OSt
005 20220924134311.0
006 a|||||r|||| 00| 0
007 ta
008 220923b |||||||| |||| 00| 0 snd d
024 _a273240
037 _cTextual
040 _aARTS
_cARTS
_bsnd
041 _2snd
_asnd
082 _aO1593,1N38x, L2
100 _aTeckchand Mast
_9208317
245 0 _aKanhin saan oriyaan hall
260 _c1972
942 _hO1593,1N38x, L2
_cTEXL
_2CC
999 _c436936
_d436936